Statistiken für Ersetze das falsche Wort

Klicken Sie hier um das Quiz zu spielen!

Allgemein

  • Dieses Quiz wurde 282 mal gespielt
  • Das Durchschnittsergebnis liegt bei 10 aus 20

Antwortstatistiken

AussageKorrektur% Korrekt
Die Haare von Pumuckl sind leuchtend grün.rot
86%
In der Wohnung hält man Fische in einem Solarium.Aquarium
85%
Der langjährige Moderator der Kindersendung Löwenzahn hieß Peter Fröhlich.Lustig
85%
Der Fußballverein FC Schalke 04 kommt aus Recklinghausen.Gelsenkirchen
84%
Die Vergangenheitsform von "ich wasche" heißt "ich wosch".wusch
76%
Zwischen 1974 und 1998 hießen alle deutschen Bundeskanzler Klaus.Helmut
68%
"FAZ" ist die gebräuchliche Abkürzung für die "Frankfurter Allgemeine Zwietracht".Zeitung
68%
Das schottische Parlament tagt in Glasgow.Edinburgh
65%
Eine der Hauptfiguren aus "Toy Story" heißt Buzz Darkday.Lightyear
60%
Die teuerste Straße beim deutschen Monopoly ist die Elisenstraße.Schlossallee
58%
Ein Pfarrer predigt von einer Kanzlei.Kanzel
44%
Die Tochter von Bill und Hillary Clinton heißt Arsenal.Chelsea
41%
Das chemische Element mit dem Symbol As heißt Asbest.Arsen
40%
Das Pendant zu den ARD-Tagesthemen heißt im ZDF "heute show".journal
34%
Die Währung Südafrikas heißt Mitte.Rand
32%
Das NFL-Team aus Pittsburgh heißt Stoners.Steelers
27%
"Born to be Wild" war ein Hit der Band Wüstenfuchs.Steppenwolf
20%
Der Regisseur des Films "Scarface" war Brian de Mallorca.Palma
18%
Den sportlichen Fünfkampf nennt man auch Pentagon.Pentathlon
15%
Die Gans, auf der Nils Holgersson fliegt, heißt Peter.Martin
10%

Verteilung der Resultate

Perzentil nach korrekt beantworteten Fragen

Anzahl Personen mit jedem Resultat

Ihre Resultats-Entwicklung

Sie haben dieses Quiz noch nicht gespielt